000 00732nam a2200253 i 4500
001 C2-0275320
003 PPAK
005 20180728004138.0
008 061016s2002 nyua|||| ||||| | eng d
020 _a0375706526
040 _aPPAK
_beng
_cPPAK
_erda
082 0 4 _a917.804
_223
090 0 0 _a917.804
_bDUN
_dRLCK
100 1 _aDuncan, Dayton,
_eauthor
245 1 0 _aLewis and Clark
_bthe journey of the corps of discovery
264 1 _aNew York :
_bKnopf ,
_c2002
300 _axix, 248 pages :
_bcolour illustrations ;
_c25 cm
336 _2rdacontent
_atext
337 _2rdamedia
_aunmediated
338 _2rdacarrier
_avolume
650 1 0 _aUnited States - Exploring Expeditions.
700 _eauthor
942 _ddc
_cB
999 _c83004
_d83004